Quick Pick: Presidents in Movie Titles Quiz Stats

 Plays Quiz Updated Jan 14, 2018

Challenge
Share
Tweet
Embed
Score 0/12 Timer 01:00
4 Plays Today
% Correct
Washington
93.4%
Garfield
89.4%
Madison
88.2%
Jackson
87.3%
Carter
84.6%
Adams
82.4%
Lincoln
79.3%
Johnson
66.6%
Cleveland
60.3%
Ford
60%
Arthur
58.3%
Harrison
51%

Today's Daily Dose

Missing Word
Witch Songs

Word Ladder
Alabama

Quick Pick
Fanta Flavors

On This Day
October 15th II

You're not logged in!

Compare scores with friends on all Sporcle quizzes.
Join for Free
OR
Log In

You Might Also Like...

Show Comments

Extras

Top Quizzes Today


Score Distribution

Your Account Isn't Verified!

In order to create a playlist on Sporcle, you need to verify the email address you used during registration. Go to your Sporcle Settings to finish the process.

Report this User

Report this user for behavior that violates our Community Guidelines.

Details: